The Hunger Games Characters by Death - Statistics

General Stats
  • This quiz has been taken 336 times
  • The average score is 15 of 25
Answer Stats
Death Character % Correct
Stung by tracker jackers from a dropped nest Glimmer
97%
Stole and ate nightlock berries Foxface
87%
Speared in the stomach by Marvel Rue
87%
Ran into a poison fog Mags
86%
Thresh slammed a rock against her head Clove
83%
Ravaged by the wolf mutts, then shot by Katniss Cato
82%
Shot by Katniss when she was supposed to be killing Snow Alma Coin
75%
Bitten by lizard mutts, then blown apart by the holo Finnick
73%
Katniss shot an arrow into his neck Marvel
73%
Gloss cut her throat Wiress
70%
Chokes on his own blood and is crushed by the crowd Coriolanus Snow
66%
Killed by double exploding parachutes Primrose
64%
Bitten by a monkey mutt whilst protecting Peeta Morphling
63%
Presumably killed by Cato during a downpour Thresh
62%
Axed in the chest by Johanna Mason Cashmere
61%
Killed by loss of blood after a mine blew his legs off Boggs
60%
Killed by Peeta just before Katniss blows apart the force field Brutus
55%
Electrocuted by the force field Blight
50%
Katniss shot him in the temple with an arrow Gloss
39%
Sacrificed herself at the Meat Grinder pod with Leeg 1 Jackson
38%
Snared in a net of barbed wire Mitchell
36%
Melted by a pod of light Messalla
35%
Cato snapped his neck District 3 boy
29%
Stabbed in the neck by a bird's long beak Maysilee Donner
24%
Drowned by the tidal wave District 5 female
5%
No matching quizzes found
Score Distribution
Percent of People with Each Score
Percentile by Number Answered
Your Score History
You have not taken this quiz